[Event "AUTO-OPEN-3341"]
[Site "http://www.queenalice.com/game.php?id=1312137"]
[Date "2014.10.2"]
[Round "1"]
[White "marcomasao"]
[Black "Northland_Chess_King"]
[Result "0-1"]
[WhiteElo "1777"]
[BlackElo "2071"]

1. e4 c6 2. Bc4 d5 3. exd5 cxd5 4. Bb3 Nf6 5. d4 Nc6 6. Bf4 Bf5 7. Nc3 e6 8. Nb5
Qa5+ 9. Nc3 Ne4 10. Bd2 Nxd2 11. Qxd2 Bb4 12. Nf3 O-O 13. h3 Be4 14. a3 Rad8 15.
Ke2 Bxc3 16. Qxc3 Qa6+ 17. Kd2 Rc8 18. Ba2 Ne5 19. Qb4 Rxc2+ 20. Ke3 Qe2+ 21.
Kf4 Nd3+ 22. Kg3 Qxf2+ 23. Kh2 Qxg2# 0-1

[Event "AUTO-OPEN-3341"]
[Site "http://www.queenalice.com/game.php?id=1312138"]
[Date "2014.10.2"]
[Round "1"]
[White "Northland_Chess_King"]
[Black "marcomasao"]
[Result "1-0"]
[WhiteElo "1946"]
[BlackElo "1784"]

1. d4 d5 2. Nf3 Bf5 3. e3 Nc6 4. c3 e6 5. Bd3 Bxd3 6. Qxd3 Nf6 7. Nbd2 Bd6 8. e4
dxe4 9. Nxe4 Nxe4 10. Qxe4 Qf6 11. O-O O-O-O 12. Bg5 Qg6 13. Qxg6 hxg6 14. Bxd8
Nxd8 15. h3 f5 16. Rfe1 f4 17. Re4 Kd7 18. Rae1 Kc8 19. Ng5 Re8 20. Nxe6 f3 21.
g3 Rh8 22. Kh2 b6 23. Nxg7 Rg8 24. Ne6 Nc6 25. Ng5 Na5 26. Re8+ Rxe8 27. Rxe8+
Kd7 28. Rg8 Be7 29. Nxf3 Nc4 30. Ne5+ Nxe5 31. dxe5 1-0

[Event "AUTO-OPEN-3341"]
[Site "http://www.queenalice.com/game.php?id=1312163"]
[Date "2014.10.2"]
[Round "1"]
[White "Northland_Chess_King"]
[Black "Nille"]
[Result "1-0"]
[WhiteElo "2083"]
[BlackElo "1802"]

1. d4 d5 2. Bf4 Nf6 3. e3 e6 4. Nf3 a6 5. c3 Nc6 6. Bd3 h6 7. Nbd2 Be7 8. O-O
O-O 9. Qc2 b5 10. a3 Bb7 11. e4 dxe4 12. Nxe4 Na5 13. Nxf6+ Bxf6 14. Ne5 Bxe5
15. Bxe5 Qd5 16. f3 f6 17. Bxc7 Nb3 18. Rae1 Rac8 19. Be4 Qc4 20. Bb6 Bxe4 21.
Rxe4 f5 22. Re2 a5 23. Rfe1 Rc6 24. Bc5 Nxc5 25. dxc5 Qxc5+ 26. Kh1 b4 27. axb4
axb4 28. Qb3 bxc3 29. bxc3 Qxc3 30. Qxc3 Rxc3 31. Rxe6 Kf7 32. h3 g6 33. f4 h5
34. Re7+ Kg8 35. R1e6 Rf7 36. Rxg6+ Kf8 37. Rxf7+ Kxf7 38. Rg5 1-0

[Event "AUTO-OPEN-3341"]
[Site "http://www.queenalice.com/game.php?id=1312164"]
[Date "2014.10.2"]
[Round "1"]
[White "Nille"]
[Black "Northland_Chess_King"]
[Result "0-1"]
[WhiteElo "1802"]
[BlackElo "2059"]

1. e4 c6 2. Nf3 d5 3. exd5 cxd5 4. d4 Nc6 5. Nc3 e6 6. a3 Nf6 7. Bg5 Be7 8. Bb5
O-O 9. b4 h6 10. Bxf6 Bxf6 11. Bxc6 bxc6 12. h3 Ba6 13. Na4 Re8 14. Nc5 Bc4 15.
Ne5 Bxe5 16. dxe5 Qg5 17. Nd3 Bxd3 18. cxd3 Qxe5+ 19. Kd2 Qg5+ 20. Ke1 Qxg2 21.
Ke2 Qg5 22. Qc2 Rac8 23. Qc5 Re7 24. b5 Rec7 25. Rag1 Qe5+ 26. Kf3 cxb5 27. Qxb5
Rc3 28. Kg2 Qe2 29. Rd1 Rxa3 30. Rhe1 Qh5 31. Qd7 Rac3 32. Kh2 a5 33. Ra1 Qf3
34. Rf1 R8c7 35. Qd8+ Kh7 36. Rxa5 Qxd3 37. Raa1 Qxh3+ 38. Kg1 Qg4+ 0-1

[Event "AUTO-OPEN-3344"]
[Site "http://www.queenalice.com/game.php?id=1312907"]
[Date "2014.10.6"]
[Round "1"]
[White "Severynnas"]
[Black "Northland_Chess_King"]
[Result "1-0"]
[WhiteElo "1556"]
[BlackElo "1851"]

1. d4 d5 2. c4 c6 3. Nc3 Bf5 4. Nf3 e6 5. Qb3 Qb6 6. Qxb6 axb6 7. cxd5 exd5 8.
Bf4 Nf6 9. Bxb8 Rxb8 10. O-O-O b5 11. Ne5 b4 12. Na4 Ra8 13. h4 Ne4 14. Rg1 Rxa4
15. a3 bxa3 16. bxa3 Bxa3+ 17. Kc2 Nxf2+ 18. Kd2 Nxd1 19. Kxd1 Rxd4+ 20. Ke1
Bb4+ 21. Kf2 Rxh4 22. g3 Bc5+ 23. e3 Re4 24. Nd3 Bxe3+ 25. Ke2 Bxg1+ 26. Kd2 Rd4
27. Kc2 Bxd3+ 28. Bxd3 b5 29. Bf5 O-O 30. Bd3 Ra8 31. Kc3 b4+ 32. Kd2 Ra2+ 33.
Kd1 1-0

[Event "AUTO-OPEN-3344"]
[Site "http://www.queenalice.com/game.php?id=1312908"]
[Date "2014.10.6"]
[Round "1"]
[White "Northland_Chess_King"]
[Black "Severynnas"]
[Result "0-1"]
[WhiteElo "1884"]
[BlackElo "1528"]

1. d4 e6 2. Bf4 Nf6 3. e3 Bd6 4. Bxd6 cxd6 5. c4 O-O 6. Nc3 b6 7. Qf3 Nc6 8. Bd3
Bb7 9. Qh3 Nb4 10. Bb1 a5 11. a3 Nc6 12. Nf3 h6 13. Nb5 d5 14. c5 bxc5 15. dxc5
Ba6 16. a4 Qb8 17. O-O Bxb5 18. axb5 Qxb5 19. g4 Nxg4 20. Qxg4 f5 21. Qh5 Qxb2
22. Bd3 Ne5 23. Nxe5 Qxe5 24. Rab1 a4 25. Qe2 g5 26. Qa2 Rfc8 27. Rb7 Rxc5 28.
Rxd7 g4 29. Rb1 Rc7 30. Qxa4 Rxd7 31. Qxa8+ Kf7 32. Rb7 Qc3 33. Rxd7+ Kf6 0-1

[Event "AUTO-OPEN-3344"]
[Site "http://www.queenalice.com/game.php?id=1312929"]
[Date "2014.10.6"]
[Round "1"]
[White "Northland_Chess_King"]
[Black "MarTraM"]
[Result "0-1"]
[WhiteElo "2064"]
[BlackElo "2438"]

1. d4 e6 2. Bf4 d5 3. e3 Nf6 4. Bd3 Be7 5. Nf3 Nh5 6. Ne5 Nxf4 7. exf4 O-O 8.
Nd2 c5 9. c3 cxd4 10. cxd4 Qb6 11. Nb3 a5 12. a4 Qb4+ 13. Nd2 Qxd4 14. Qc2 Qxf4
15. Ndf3 Nd7 16. Nxd7 Bxd7 17. Bxh7+ Kh8 18. Bd3 Qb4+ 19. Qc3 Bf6 20. Qxb4 axb4
0-1

[Event "AUTO-OPEN-3344"]
[Site "http://www.queenalice.com/game.php?id=1312930"]
[Date "2014.10.6"]
[Round "1"]
[White "MarTraM"]
[Black "Northland_Chess_King"]
[Result "1-0"]
[WhiteElo "2441"]
[BlackElo "2081"]

1. d4 d5 2. c4 c6 3. Nc3 Nf6 4. Nf3 Bf5 5. Qb3 b6 6. cxd5 Nxd5 7. e4 Nxc3 8.
exf5 Nd5 9. Bd2 g6 10. Bd3 Bg7 11. O-O O-O 12. Rac1 Qd7 13. Ne5 Qb7 14. Rfe1
Bxe5 15. dxe5 Kg7 16. Qa4 Nd7 17. Qh4 h5 18. Qg5 Rh8 19. e6 fxe6 20. Qxg6+ Kf8
21. fxe6 N7f6 22. Qf7# 1-0

[Event "AUTO-OPEN-3344"]
[Site "http://www.queenalice.com/game.php?id=1312931"]
[Date "2014.10.6"]
[Round "1"]
[White "Northland_Chess_King"]
[Black "heriksoares1"]
[Result "0-1"]
[WhiteElo "2003"]
[BlackElo "1782"]

1. d4 f5 2. Bf4 Nf6 3. e3 e6 4. Bd3 Be7 5. Nf3 Nh5 6. Ne5 Nxf4 7. exf4 O-O 8.
Qh5 Qe8 9. Qh3 Nc6 10. c3 Nxe5 11. dxe5 d6 12. g4 Qa4 13. gxf5 Qxf4 14. Qg3 Qc1+
0-1

[Event "AUTO-OPEN-3344"]
[Site "http://www.queenalice.com/game.php?id=1312932"]
[Date "2014.10.6"]
[Round "1"]
[White "heriksoares1"]
[Black "Northland_Chess_King"]
[Result "1-0"]
[WhiteElo "2049"]
[BlackElo "1895"]

1. b3 d5 2. Bb2 Nf6 3. e3 e6 4. f4 Be7 5. Nf3 O-O 6. Be2 c5 7. O-O Nc6 8. a3 Qc7
9. Ne5 Nxe5 10. Bxe5 Qb6 11. d3 c4 12. Bd4 Qc6 13. dxc4 b6 14. cxd5 exd5 15. Nc3
Bf5 16. Bxf6 Bxf6 17. Nxd5 Rfd8 18. Bf3 Bg4 19. Ne7+ Bxe7 20. Qxd8+ Rxd8 21.
Bxc6 Bc5 22. Rfe1 Rd2 23. Bf3 Bxf3 24. gxf3 1-0

[Event "AUTO-OPEN-3345"]
[Site "http://www.queenalice.com/game.php?id=1313204"]
[Date "2014.10.7"]
[Round "1"]
[White "Aspayne"]
[Black "Northland_Chess_King"]
[Result "1-0"]
[WhiteElo "2047"]
[BlackElo "2030"]

1. e4 c6 2. d4 d5 3. f3 dxe4 4. fxe4 e5 5. Nf3 exd4 6. Bc4 b5 7. Bb3 Qa5+ 8. Bd2
Bb4 9. O-O Bxd2 10. Nbxd2 Qb6 11. Kh1 c5 12. a4 Bd7 13. Ne5 Nh6 14. Nxd7 Nxd7
15. axb5 Qxb5 16. Nc4 O-O 17. Qh5 Nb6 18. Nd6 Qc6 19. Nxf7 Nxf7 20. Bxf7+ Kh8
21. Rf4 Qh6 22. Qxh6 gxh6 23. e5 Rae8 24. Bxe8 Rxf4 25. e6 Nd5 26. g3 Rf2 27.
Rxa7 Ne3 28. h4 Rxc2 29. e7 Rc1+ 30. Kh2 Nf5 31. Ba4 Nxe7 32. Rxe7 Rb1 33. b3
Rb2+ 34. Kh3 d3 35. Rd7 d2 36. Kg4 Ra2 37. Bb5 h5+ 38. Kxh5 1-0

[Event "AUTO-OPEN-3345"]
[Site "http://www.queenalice.com/game.php?id=1313205"]
[Date "2014.10.7"]
[Round "1"]
[White "Northland_Chess_King"]
[Black "Aspayne"]
[Result "0-1"]
[WhiteElo "1960"]
[BlackElo "2100"]

1. d4 Nf6 2. Bf4 e6 3. e3 b6 4. Qf3 Nc6 5. c3 Bb7 6. e4 Be7 7. Nd2 O-O 8. Bd3 d6
9. Ne2 e5 10. Bg5 exd4 11. cxd4 Nb4 12. Bxf6 Bxf6 13. O-O Nxd3 14. Qxd3 a5 15.
Rfd1 Ba6 16. Qe3 Bxe2 17. Qxe2 Bxd4 18. Qc4 Qf6 19. Nf3 Bxb2 20. Rab1 Rac8 21.
Rd2 Be5 22. Nxe5 Qxe5 23. Rd5 Qe6 24. f3 c6 25. Rd4 Qxc4 26. Rxc4 b5 27. Rd4
Rfd8 28. Rbd1 c5 29. Rd5 f6 30. Kf2 Rc6 31. Ke2 Kf7 32. Ke3 Ke7 33. f4 Rb8 34.
g4 Rbb6 35. Rh5 h6 36. h4 c4 37. g5 c3 38. gxh6 gxh6 39. Rxh6 b4 40. Rh7+ Kf8
41. f5 b3 42. Rg1 d5 43. exd5 b2 44. dxc6 c2 45. Rh8+ Ke7 46. Rg7+ Kd6 47. c7
c1=Q+ 48. Kf3 Qc3+ 49. Kg4 Rb4+ 50. Kh5 Qf3+ 51. Kg6 Qxf5+ 0-1

[Event "AUTO-OPEN-3354"]
[Site "http://www.queenalice.com/game.php?id=1314728"]
[Date "2014.10.12"]
[Round "1"]
[White "lesoleil"]
[Black "Northland_Chess_King"]
[Result "1-0"]
[WhiteElo "1839"]
[BlackElo "2141"]

1. d4 d5 2. c4 c6 3. Nf3 Bf5 4. Nc3 e6 5. Qb3 Qb6 6. c5 Qxb3 7. axb3 Nf6 8. Bf4
Nbd7 9. g3 h6 10. Bg2 b6 11. b4 Be7 12. O-O g5 13. Be5 Nxe5 14. Nxe5 Rc8 15.
Rxa7 bxc5 16. bxc5 Bxc5 17. dxc5 1-0

[Event "AUTO-OPEN-3354"]
[Site "http://www.queenalice.com/game.php?id=1314729"]
[Date "2014.10.12"]
[Round "1"]
[White "Northland_Chess_King"]
[Black "lesoleil"]
[Result "0-1"]
[WhiteElo "2077"]
[BlackElo "1863"]

1. d4 Nf6 2. Nf3 d6 3. Bf4 g6 4. e3 Bg7 5. c3 O-O 6. Bd3 Bg4 7. O-O Nc6 8. h3
Bxf3 9. Qxf3 e6 10. Nd2 a6 11. b4 d5 12. a4 Ne7 13. b5 a5 14. Nb3 Nc8 15. Nc5 b6
16. Na6 Nd6 17. g4 Re8 18. Kh2 Nfe4 19. Bxe4 dxe4 20. Qg3 f6 21. Bxd6 cxd6 22.
f4 Rc8 23. Rfc1 d5 24. h4 Rc4 25. h5 g5 26. f5 exf5 27. gxf5 Bf8 28. Kg2 Bd6 29.
Qe1 Qc8 0-1